000 01176nam a2200217Ia 4500
003 Ost
005 20260416102359.0
008 260416s9999||||xx |||||||||||||| ||und||
040 _cfsecg
041 _aara
082 _a510
100 _aصايفي، ويزة
_eمؤلف
245 0 _aدروس في مقياس رياضيات 2للسنة الاولى جذع مشترك /
_c ويزة صايفي
260 _aالجزائر
_bجامعة الجزائر3: كلية العلوم الإقتصادية، العلوم التجارية وعلوم التسيير
_c2022
300 _a141 ورقة
_bايضاحات
_c30 سم
504 _aالمراجع ص.140
520 _aالبنى الجبرية ن الفضاءات الشعاعية ، التطبيقات الخطية المصفوفات ، المحددات ، جمل المعادلات الخطية ، القيم الذاتية و الاشعة الذاتية ، مواضيع امتحانات و حلولها.
653 _aالرياضيات
710 _aجامعة الجزائر3: كلية العلوم الإقتصادية، العلوم التجارية وعلوم التسيير
_eناشر علمي
942 _cHANDOUT
999 _c41356
_d41356